000 00459nam a2200181Ia 4500
001 23193
005 20260414150921.0
008 260414t2016||||xx |||||||||||||| ||spa||
041 _aESP
082 _a625.725
_bU831
100 _aUgarte Contreras, Olger
_eAUT
245 0 _aDiseño geométrico de carreteras con AutoCAD Civil 3D
_b
260 _c2016
300 _a 000 páginas :
_c00 cm.
650 _a0
654 _aCIC
942 _cLIB
_dJUS
_fJUS
_2ddc
_n
999 _c23193
_d23193